Nutrition & food supplementary notes

Tells you all useful knowledge about food and nutrition

Gespeichert in:
Bibliographische Detailangaben
1. Verfasser: Wilfong, Stanley R.
Format: Buch
Sprache:Undetermined
Veröffentlicht: Kendall Hunt Publishing Company 1996
Schlagworte:
Tags: Tag hinzufügen
Keine Tags, Fügen Sie den ersten Tag hinzu!
Thư viện lưu trữ: Trung tâm Học liệu Trường Đại học Cần Thơ
LEADER 00574nam a2200193Ia 4500
001 CTU_186433
008 210402s9999 xx 000 0 und d
082 |a 613.2 
082 |b W677 
100 |a Wilfong, Stanley R. 
245 0 |a Nutrition & food supplementary notes 
245 0 |c Stanley R. Wilfong 
260 |a Kendall 
260 |b Hunt Publishing Company 
260 |c 1996 
520 |a Tells you all useful knowledge about food and nutrition 
650 |a Nutrition,Dinh dưỡng 
910 |a Hải 
980 |a Trung tâm Học liệu Trường Đại học Cần Thơ